00959cam a22002294a 45000010009000000050017000090080041000260200026000670400018000930820023001111000031001342450054001652600065002193000033002845040051003176500045003686530018004139420012004319990017004439520136004609520133005961370894420070725075227.0040902s2005 enka b 001 0 eng  a0521846706 (hardback) aDLCcDLCdDLC00a620.11292222bHOS1 aHosford, William F.93009810aMechanical Behavior of Materials /cW.F. Hosford. aCambridge ;aNew York :bCambridge University Press,cc2005. axx, 425 p. :bill. ;c26 cm. aIncludes bibliographical references and index. 0aMaterialsxMechanical properties.930099 bGencJune2012 2ddccBB c16760d16760 00102ddc40708BaccahaMAINbMAINc1STd2012-06-13epurchasel1m2o620.11292 HOSp000026808r2025-07-15 00:00:00s2015-12-12yBB 00102ddc40708BaccahaMAINbMAINc1STd2012-06-13epurchasel2o620.11292 HOSp000026809r2025-07-15 00:00:00s2012-06-13yBB